Freedom's cry: (Record no. 549814)
[ view plain ]
| 000 -LEADER | |
|---|---|
| fixed length control field | 00496nam a2200157Ia 4500 |
| 020 ## - INTERNATIONAL STANDARD BOOK NUMBER | |
| International Standard Book Number | 0195776577(hb) |
| 082 ## - DEWEY DECIMAL CLASSIFICATION NUMBER | |
| Classification number | 954.91 |
| Author Mark | TAL |
| 100 ## - MAIN ENTRY--PERSONAL NAME | |
| Personal name | Talbot, Ian |
| 9 (RLIN) | 13136 |
| 245 ## - TITLE STATEMENT | |
| Title | Freedom's cry: |
| Remainder of title | the popular dimension in the Pakistan movement and partition experience in north-west India |
| 260 ## - PUBLICATION, DISTRIBUTION, ETC. | |
| Place of publication, distribution, etc. | Karachi: |
| Name of publisher, distributor, etc. | Oxford University Press, |
| Date of publication, distribution, etc. | 1996 |
| 300 ## - PHYSICAL DESCRIPTION | |
| Extent | xiv- 246p |
| 526 ## - STUDY PROGRAM INFORMATION NOTE | |
| Program name | 0 |
| Interest level | 0 |
| Reading level | 0 |
| Title point value | 954_910000000000000_TAL |
| 650 ## - SUBJECT ADDED ENTRY--TOPICAL TERM | |
| Topical term or geographic name entry element | MCE |
| 9 (RLIN) | 379 |
| 650 ## - SUBJECT ADDED ENTRY--TOPICAL TERM | |
| Topical term or geographic name entry element | Pakistan Movement |
| 9 (RLIN) | 203 |
| 942 ## - ADDED ENTRY ELEMENTS (KOHA) | |
| Source of classification or shelving scheme | |
| Koha item type | Book |
| Withdrawn status | Lost status | Source of classification or shelving scheme | Damaged status | Not for loan | Permanent Location | Current Location | Date acquired | Total Checkouts | Full call number | Barcode | Date last seen | Date last checked out | Price effective from | Koha item type |
|---|---|---|---|---|---|---|---|---|---|---|---|---|---|---|
| Military College of Engineering (MCE) | Military College of Engineering (MCE) | 10/15/2014 | 1 | 954.91 TAL | MCE-44186 | 06/24/2015 | 06/03/2015 | 10/15/2014 | Book |
